| 000 | 00366nam a22001337a 4500 | ||
|---|---|---|---|
| 082 |
_a573.3 _bKEI |
||
| 100 |
_aKeith, Sir Arthur _949870 |
||
| 245 |
_aThe Antiquity of Man _c Sir Arthur,Keith |
||
| 260 |
_aLondon _bWilliams and Norgate, LTD. _c1925 |
||
| 300 | _axxxii, 376p.: | ||
| 526 |
_a0 _b0 _c0 _d573_300000000000000_KEI |
||
| 650 |
_aMCE _9379 |
||
| 942 |
_2ddc _cBK |
||
| 999 |
_c552613 _d552613 |
||